| 000 | 00760nam 22002413 4500 | ||
|---|---|---|---|
| 001 | 201553 | ||
| 010 | _a972-710-154-2 | ||
| 021 |
_aPT _b104 673/96 |
||
| 090 | _a201553 | ||
| 100 | _a20260327d u||y0pory50 ba | ||
| 101 | _apor | ||
| 200 |
_aPuzzles de Matemática _fBrian Bolt _gIlustração de Harry Venning ; Tradução de Liliana Costa |
||
| 210 |
_aLisboa _cTerramar Editores _d1996 |
||
| 215 |
_a129, [3] p. : il. _cBrochado _d25 cm |
||
| 304 | _aTít. orig.: Mathematical Cavalcade | ||
| 606 |
_91432 _aMatemática |
||
| 610 | _aTextos pedagógicos | ||
| 675 |
_a51(075)/BOL/PUZ _vPT _zpor |
||
| 700 |
_915591 _aBolt _bBrian |
||
| 702 |
_916997 _aVenning _bHarry |
||
| 801 |
_aPT _bBMMN _gRPC |
||
| 830 |
_cCarlos Pinto _d27-03-2026 _fCarlos Pinto |
||
| 990 | _cLIVROS | ||